000 00685nam a2200205Ii 4500
003 JO-AjNU
008 230605s9999||||xx |||||||||||||| ||und||
040 _aJO-AjNU
_bara
_erda
_cJO-AjNU
041 _aara
050 1 4 _aQA36.Q22 1997
100 3 _aقدسي ، ايلي ابراهيم,
_eauthor
_932123
245 0 0 _aالرياضيات العامة لطلبة الاقتصاد والعلوم الادارية
250 _aط1
264 3 1 _aعمان:دار الفلاح، 1997
300 _a284ص
336 _atext
_btxt
_2rdacontent
337 _aunmediated
_bn
_2rdamedia
338 _avolume
_bnc
_2rdacarrier
650 4 _aاالرياضيات -تعلم وتعليم
_932124
999 _aA12932
_c16500
_d16500